000 00931cab a2200253 4500
001 E2714
008 090401t1995 xxu||||| |||| 00| 0 eng d
035 _a(Sirsi) u40607
041 _aeng
245 _aShieldaig Farm (Gairloch) Limited v Macrae
260 _c1995
350 _a0
490 _aSLC
_v1996 R 54-66(13)
520 _aFull Court. Lord Philip, D D McDiarmid, J Kinloch) Application Ross RN 477 - Order of 3 August 1995). Croft - resumption - purpose to convey area of ground to a third party for a natural woodland regeneration scheme - reasonable purpose - section 20 Crofters (Scotland) Act 1993.
650 _aCROFTERS (SCOTLAND) ACT 1993 SECTION 20
650 _aCROFTERS (SCOTLAND) ACT 1993
650 _aCROFTING
650 _aRESUMPTION
650 _aSCOTTISH LAND COURT
650 _aSLC
690 _aLANDLORD AND TENANT-CASE LAW-AGRICULTURAL TENANCIES
942 _n0
948 _c04/03/1997
999 _c26019
_d26019